000 00892nam a2200229Ia 4500
001 2895
003 GE_BSU
008 181216s||||||||xx |||||||||||||| ||und||
020 _a5862255737
040 _cGE_BSU
080 _a330.1(075.8)+316.4
245 _aЭкономическая теория (политэкономия):
245 _bУчебник/Мин. общего и профессионального образования Российской федерации, Российская Экономическая Академия им. Г.В.Плеханова.
245 _c[Под. общей ред. акад. В.И Видяпина, акад. Г.П. Журавлевой.
260 _aМосква
260 _bИНФРА-М
260 _c1997
300 _a560 с.
541 _h15 л. 95 т.
653 _aЭкономическая теория
942 _cBK
999 _c36944
_d36944